Catálogo público

Leguminosas Forrajeras / (Record no. 169218)

MARC details
000 -CABECERA
campo de control de longitud fija 00957nam a2200325Ia 4500
001 - NÚMERO DE CONTROL
campo de control Z_6006
003 - IDENTIFICADOR DEL NÚMERO DE CONTROL
campo de control CHAP
008 - DATOS DE LONGITUD FIJA--INFORMACIÓN GENERAL
campo de control de longitud fija 220113s1962 xx 000 0 und d
010 ## - NÚMERO DE CONTROL DE LA BIBLIOTECA DEL CONGRESO
Número de control de LC 169218
040 ## - FUENTE DE LA CATALOGACIÓN
Centro/agencia transcriptor CHAP
082 ## - NÚMERO DE LA CLASIFICACIÓN DECIMAL DEWEY
Número de clasificación 633.3 R63
100 ## - ENTRADA PRINCIPAL--NOMBRE DE PERSONA
Nombre de persona Robinson, D. H.
9 (RLIN) 97976
245 ## - MENCIÓN DE TÍTULO
Título Leguminosas Forrajeras /
Mención de responsabilidad, etc. D. H. Robinson; Traductor Benito Moreno García y Ma. De la Asunción Estéban Quílez
260 ## - PUBLICACIÓN, DISTRIBUCIÓN, ETC.
Lugar de publicación, distribución, etc. España :
Nombre del editor, distribuidor, etc. Acribia,
Fecha de publicación, distribución, etc. 1962
300 ## - DESCRIPCIÓN FÍSICA
Extensión 141 p.
500 ## - NOTA GENERAL
Nota general Título original : Leguminous forage Plants
505 ## - NOTA DE CONTENIDO CON FORMATO
Nota de contenido con formato Incluye Glosario
650 ## - PUNTO DE ACCESO ADICIONAL DE MATERIA--TÉRMINO DE MATERIA
Término de materia o nombre geográfico como elemento de entrada Fisiología vegetal
9 (RLIN) 41136
650 ## - PUNTO DE ACCESO ADICIONAL DE MATERIA--TÉRMINO DE MATERIA
Término de materia o nombre geográfico como elemento de entrada Leguminosas
9 (RLIN) 65807
650 ## - PUNTO DE ACCESO ADICIONAL DE MATERIA--TÉRMINO DE MATERIA
Término de materia o nombre geográfico como elemento de entrada Medicagos
9 (RLIN) 143677
650 ## - PUNTO DE ACCESO ADICIONAL DE MATERIA--TÉRMINO DE MATERIA
Término de materia o nombre geográfico como elemento de entrada Pastos
9 (RLIN) 85986
650 ## - PUNTO DE ACCESO ADICIONAL DE MATERIA--TÉRMINO DE MATERIA
Término de materia o nombre geográfico como elemento de entrada Tréboles verdaderos
9 (RLIN) 143678
700 ## - PUNTO DE ACCESO ADICIONAL--NOMBRE DE PERSONA
Nombre de persona I. Moreno García, Benito, tr. II. Estéban Quílez, Ma. De la Asunción, tr.
9 (RLIN) 143679
901 ## - ELEMENTOS DE DATOS A LOCAL LDA (RLIN)
a 633.3 R63
902 ## - ELEMENTOS DE DATOS B LOCAL, LDB (RLIN)
a M
910 ## - DATOS DE OPCIÓN DEL USUARIO (OCLC)
Datos de opción del usuario 1962
942 ## - ELEMENTOS DE PUNTO DE ACCESO ADICIONAL (KOHA)
Tipo de ítem Koha Libro_
942 ## - ELEMENTOS DE PUNTO DE ACCESO ADICIONAL (KOHA)
Tipo de ítem Koha
Holdings
Estado de retiro Estado de pérdida Estado dañado No para préstamo Localización permanente Ubicación/localización actual Ubicación en estantería Fecha de adquisición Información codificada de la localización en otra ubicación Total de préstamos Código de barras Fecha visto por última vez Fecha del último préstamo Número de copia Precio válido a partir de Tipo de ítem Koha Nota pública
        Zootecnia Zootecnia   11/10/2011 1 1 z_1115 21/11/2024 21/11/2024 1 18/01/2022 Libro 2